000 01625nam a2200229 u 4500
001 000003021
005 20200929150317.0
008 090706s2000 dr abc r 001 0 spa d
040 _aDO-SdBNP
_bspa
_cBNPHU
082 _a333.72
_bR426e
110 1 _aRepública Dominicana, Secretaria de Estado de Agricultura
_bSubsecretaria de recursos naturales
_bDepartamento de vida Silvestre
_99575
245 1 0 _aEstrategias para el manejo sostenible de recursos naturales en el Suroeste de la República Dominicana /
_cPrólogo José Martínez Guridy.
260 _aSanto Domingo :
_bSecretaría de Estados de Agricultura,
_c2000.
300 _aXIII, 105 p. :
_bil., mapa, retr. ;
_c28 cm.
500 _aIncluye un mapa de anexo
504 _aBibliografía : p. 85-88
505 2 _aPrólogo-- Créditos -- Agradecimientos-- Lista de abreviaturas-- Resumen -- Introducción 1 Metodología -- Situación de los recursos naturales en la propuesta -- Reserva de Biosfera Guarocuya -- Situación socioeconómica y organización social en la propuesta reserva de biosfera Guarocuya -- Condiciones de vida y conservación -- Propuesta para el establecimiento de la reserva de biosfera Guarocuya -- Estrategias de manejo para la reserva de la biosfera Guarocuya -- Conclusiones y recomendaciones -- Bibliografía consultada -- Anexos.
650 4 _aRecursos naturales
_zRepública Dominicana
_91560
650 4 _aDesarrollo sostenible
_zRepública Dominicana
_99357
700 1 _aMartínez Guridy, José
_epról.
_99576
710 1 _aSecretaría de Estados de Agricultura
_bSubsecretaría de Recursos Naturales
_bDepartamento de Vida Silvestre
_99577
999 _c2853
_d2853